Quizzes
Events
Quiz Creation
Community
Videos
Private Events
Remove Ads
Sign In
Join for FREE
Feedback
Dark Mode
Quiz Categories
Sports
Geography
Music
Movies
Television
Just For Fun
Miscellaneous
History
Literature
Language
Science
Gaming
Entertainment
Religion
Holiday
For Kids
Quiz Lab
Recent
Popular Today
Quiz Kudos Today
Editor Picks
Curator Picks
Quizzes by...
Day
Popularity
Type
Ratings
Length
Year
Community
Subscriptions
Recent Discussions
Orange Saloon
Badges
Playlists
Quests
Create
Leaderboards
Showdown
Live 5
Trivia Bingo
Activity
Puzzle Library
Sporcle Events
Private Events
Virtual Trivia
Globe League
Become a Host
Pub Owners
SporcleCon
Opinionation
Our Games
Videos
Blog
Mobile Apps
Partnerships
Remove Ads and Go Orange
Feedback
Movies
Disney
Marvel Cinematic Universe
Movie Resume
Movie Titles
Oscar
Actor
Actress
Director
Pixar
Role
Movie Quotes
Movie Characters
Box Office
Nominee
Best Picture
Star Wars
James Bond
Horror Movies
Movies
Disney
Marvel Cinematic Universe
Movie Resume
Movie Titles
Oscar
Actor
Actress
Director
Pixar
Role
Movie Quotes
Movie Characters
Box Office
Nominee
Best Picture
Star Wars
James Bond
Horror Movies
Random Quiz
Search Sporcle
×
Quiz Lab
Quiz Lab
Movies
Quote
Type in answers that appear in a list
Type in answers that appear in a list
Classic
Best Score? Go Orange.
Johnny Depp Movie Quotes Stats
Can you name the Johnny Depp movies from quotes?
By
keysersoze03
8m
15 Questions
562 Plays
562 Plays
562 Plays
Comments
Comments
Give Quiz Kudos
Give Quiz Kudos
-
- Ratings
hide this ad
Forced Order
Answers have to be entered in order
Answers have to be entered in order
Replay
Link that replays current quiz
Next Quiz
Link to next quiz in quiz playlist
You Got
0%
They Got
Avg Score
45%
Avg Friend Score
Upgrade to see
Score Distribution
Jump to the score distribution portion of the page
Score
0/15
Timer
08:00
0
Plays Today
Quote
Movie
% Correct
MUMBLER! Seriously, I can't understand a word you're saying!
Charlie and the Chocolate Factory
72.8%
Young boys should never be sent to bed... they always wake up a day older.
Finding Neverland
70.6%
Why is the rum gone?
Pirates of the Caribbean: The Curse of the Black Pearl
69.6%
I like baseball, movies, good clothes, whiskey, fast cars... and you.
Public Enemies
54.4%
I killed a mirror. And my shower door.
Secret Window
52%
It's a shame about raisins
Benny and Joon
51.6%
One of the things you learn from years of dealing with drug people, is that you can turn your back on a person, but never turn your back on a drug
Fear and Loathing in Las Vegas
47.5%
Tucker, she's a whale!
What's Eating Gilbert Grape
44.8%
Quote
Movie
% Correct
I'll come 'round sometime and get that squeak out of your door.
Chocolat
44.7%
No woman has ever left my arms unsatisfied.
Don Juan de Marco
44.3%
Electricity makes me insane!
Cry-Baby
33.6%
Oh, man. Midnight. Baseball bats and boogeymen. Beautiful.
A Nightmare on Elm Street
30.8%
We're not sheep
Edward Scissorhands
27.4%
Villainy wears many masks, none of which so dangerous as virtue...
Sleepy Hollow
25.4%
If the doors of perception were cleansed, everything would appear to man as it is: infinite.
Dead Man
11.2%
Quiz Playlist
Details
Report
Send in Message
Add To Playlist
Classic:
Type in answers that appear in a list
Forced Order:
Answers have to be entered in order
Last Updated: Feb 16, 2017
Quiz Scoreboard
CHALLENGE
Sign Up to Join the Scoreboard
Show All
Scores
Hide
Comments
May contain spoilers
Recently Published
An Introduction to Baseball
by treessimontrees
Sports
5m
Movies - When Are They Set?
by FPL_Elf
Movies
5m
Popular People in 1961
by mucciniale
History
6m
More to Explore
Quiz From the Vault
Featured Blog Post
Where Did the Easter Bunny Come From?
hide this ad
You Might Also Like...
Tags
Quote Quiz
depp
Johnny
Johnny Depp
Today's Top Quizzes in Movies
Browse Movies
hide this ad
Today's Top Quizzes in Quote
Browse Quote
Top Contributed Quizzes in Movies
1
Pick 5 Posters: Directed by Spielberg
2
Pick 5 Posters: Lowest-Rated Spielberg
3
Multi-Oscar Nominations, One Movie, One Winner
4
7-to-1: Pixar Characters
5
12 Movies about Fictional 1960s Events
6
One Thing in Common: Movies
7
Pick 5 Posters: Directed by Scorsese
8
Sunday Crossword: Film Score Composers
9
Pick 5 Posters: Star & Director
10
Sorting Actors
Explore More
Trending Topics
Anime
Harry Potter
Marvel
Disney
NBA
Crossword
Kpop
Country
Pokémon
Puzzle
Song
WWE
The Office
Soccer
NFL
hide this ad
More By:
keysersoze03
Quiz
Plays
Rating
Category
Featured
Created
Guess the Lyrics: Childrens TV Theme Song
1,524
4.00
Music
Jul 23, 2010
Name the 'Love Actually' actors
1,223
3.50
Movies
Dec 30, 2009
Johnny Depp Movie Quotes
562
4.50
Movies
Dec 26, 2009
Famous Canadians
272
4.67
Entertainment
Jul 2, 2010
Top 50 Movies on IMDB.com
263
4.00
Movies
Dec 31, 2009
Go to Creator's Profile
Score Distribution
Quiz Creator Spotlight
keysersoze03
Follow
Send a Message
Quizzes Created
-
Created Quiz Play Count
-
More By This Creator
Popular Quizzes Today
1
Find the Countries of Europe - No Outlines Minefield
2
Find the US States - No Outlines Minefield
3
The Countries of the World
4
Popular People in 1961
5
US States
6
Find the US States
7
1-10 Letter E Words III
8
Risky Map Clicking: Biggest States A-Z
More Movies Quizzes
Where Disney Movies Take Place
Quiz Lab
Trending Quizzes
Risky Map Clicking: Least Populous States A-Z
1-10 Letter F Words
1-10 Letter G Words
One Thing in Common: United Kingdom
Not Quite an Element Typing Challenge
Recently Updated
Leaping Animals
pecheneg
Reality TV Shows (A-Z)
bhenderson79
Rickey Henderson's Hall of Fame Teammates
pecheneg
Champions League XIs: Arsenal
pecheneg
Quick Pick: Celebrities in WWE's Hall of Fame
aduchscher
A-Z Keypad Blitz II
pecheneg
Multiple Oscar Actors
pecheneg
Mystery Phrase Blitz: Oscar 'Best Actors'
pecheneg
F. Scott Fitzgerald Novels
LTH
Pick 3 Villains
ddd62291
Trending Topics
NBA
Kpop
Crossword
Disney
Anime
Harry Potter
Marvel
Pokémon
Puzzle
Soccer
Country
WWE
NFL
The Office
Song
Your Account Isn't Verified!
In order to create a playlist on Sporcle, you need to verify the email address you used during registration. Go to your
Sporcle Settings
to finish the process.
Report this User
Report this user for behavior that violates our
Community Guidelines
.
Details:
Send Report
Go to the Sporcle.com Mobile Site →
Comments